000 00471nam a2200181Ia 4500
001 23981
005 20260414151013.0
008 260414t2015||||xx |||||||||||||| ||spa||
041 _aESP
082 _a741.098
_bM53
100 _aMichaud, Cécile
_eAUT
245 0 _aEscritura e imagen en hispanoamérica :
_bde la crónica ilustrada al cómic
260 _c2015
300 _a305 páginas :
_c20 cm.
650 _aABD
654 _aCAU
942 _cLIB
_dJUS
_fJUS
_2ddc
_n
999 _c23981
_d23981